000 00644nam a2200229 i 4500
001 bg
100 1 _aWalczak, Marian.
245 1 0 _aProspektywna analiza finansowa w przedsiębiorstwie /
_cMarian Walczak.
260 _aWarszawa :
_bPolskie Wydawnictwo Ekonomiczne,
_c1998.
300 _a234, [1] s. :
_bwykr. ;
_c24 cm.
504 _aBibliogr.
650 9 _aPrzedsiębiorstwo
_xfinanse
_xbadanie
655 _aPodręczniki akademickie
020 _a8320811597
040 _cBPK
041 0 _apol
080 _a658.14/.17
080 _a(075.8)
920 _a83-208-1159-7
942 _cKS
008 s pl f |000 0 pol
999 _c53326
_d53326
856 _uhttp://koha.tu.koszalin.pl/cgi-bin/koha/opac-detail.pl?biblionumber=53326
_yKatalog online BPK